LEADER 01602nam a2200301 i 4500 001 000000172889 003 CaOOAMICUS 005 20081201000000.0 008 081201s1984 it u000 u ita u 013 $a150337 040 $aSeMil$bita 100 1 $aRoggiani, Fermo.$0(OLS)http://semarc/name/18720 245 13$aLe «Crocette» nella Milano di San Carlo /$cdi Fermo Roggiani, Marina Olivieri, Virginio Sironi ; Ricerca iconografica a cura di Pantaleo Di Marzo. 260 $aMuseo di Milano :$bComune di Milano, Ripartizione Cultura,$cstampa 1984$e(Milano :$fArti Grafiche Fiorin,$gstampa 1984) 300 $a103 p. :$briccamente ill. ;$c22x23 cm. 500 $aStampato in n. 1000 esemplari. - Dono del card. Giovanni Colombo. 600 04$aBorromeo, Carlo .$0(OLS)http://semarc/subject/690 650 4$aBorromeo, Carlo - Milano - Crocette.$0(OLS)http://semarc/subject/32911 700 1 $aMilano : Civico Archivio Fotografico.$0(OLS)http://semarc/name/64624 700 1 $aDi Marzo, Pantaleo.$0(OLS)http://semarc/name/64626 700 1 $aSironi, Virginio.$0(OLS)http://semarc/name/55554 700 1 $aOlivieri, Marina.$0(OLS)http://semarc/name/64625 850 $aSeMil 852 $aSeMil$W1$xVenegono$y1$m3O I 30$j123741$B123741$CSeMilBibl$Z2$F138565 $81 941 1 $a3 961 $aLascito: Colombo Card. Giovanni 996 $6245$aLe «Crocette» nella Milano di San Carlo$9(OLS)http://semarc/title/247688 996 $6260$aMuseo di Milano :$bComune di Milano, Ripartizione Cultura$9(OLS)http://semarc/publisher/49161 LEADER 01417nam a2200277 i 4500 001 000000110865 003 CaOOAMICUS 005 20021218000000.0 008 021218s2001 it u000 u ita u 013 $a83546 020 $a88-343-0669-4 040 $aSeMil$bita 245 10$aValutare la qualità della formazione :$bmotivi, idee, progetti per la formazione /$cCentro di formazione permanente monsignor Luigi Moneta : Comitato tecnico-scientifico. 260 $aMilano :$bVita e Pensiero,$c2001. 300 $aIX, 103 p. ;$c21 cm. 490 0 $aQuaderni del Centro di Formazione Luigi Moneta ;$v3 500 $aContiene : Bibliografia. 650 4$aOperatori sociali - Formazione.$0(OLS)http://semarc/subject/15739 700 1 $aCentro di formazione permanente monsignor Luigi Moneta : Comitato tecnico-scientifico.$0(OLS)http://semarc/name/37963 830 0$aQuaderni del Centro di Formazione Luigi Moneta ;$v3.$0(OLS)http://semarc/title/10887 850 $aSeMil 852 $aSeMil$W1$xVenegono$y1$m2E II 368$j66723$B66723$CSeMilBibl$Z2$F73465 $81 961 $aOmaggio: Centro di formazione permanente mons. Luigi Moneta 996 $6020$a88-343-0669-4$9(OLS)http://semarc/number/92825 996 $6245$aValutare la qualità della formazione :$bmotivi, idee, progetti per la formazione$9(OLS)http://semarc/title/161219 996 $6260$aMilano :$bVita e Pensiero$9(OLS)http://semarc/publisher/29642